Marketing
| Main Author: | |
|---|---|
| Format: | Book |
| Published: |
New York :
McGraw-Hill, Inc. ,
1986
|
| Subjects: |
MARC
| LEADER | 00000cam a2200000 7i4500 | ||
|---|---|---|---|
| 001 | 0000008283 | ||
| 002 | 000009031 | ||
| 005 | 20000330.0 | ||
| 020 | |a 007044207X | ||
| 090 | 0 | 0 | |a 658.8 |b MYE |
| 100 | 1 | |a Myers, James H | |
| 245 | 1 | 0 | |a Marketing |c James H. Myers |
| 260 | |a New York : |b McGraw-Hill, Inc. , |c 1986 | ||
| 300 | |a 597 p. : |b ill. ; |c 23 cm. | ||
| 650 | 0 | 0 | |a Marketing |
| 999 | |a 020396 |b BUKU |c PINJAMAN |e PERPUSTAKAAN KOMUNITI PETALING JAYA | ||
| 999 | |a 020398 |b BUKU |c PINJAMAN |e PERPUSTAKAAN KOMUNITI PETALING JAYA | ||